[Event "Helsinki Seniors"]
[Site "Helsinki"]
[Date "2019.08.14"]
[Round "1"]
[White "Fomina, Tatyana"]
[Black "Mishuchkov, Nikolai Mikhailovic"]
[Result "1/2-1/2"]
[WhiteElo "2201"]
[BlackElo "2274"]
[PlyCount "77"]
[EventDate "2019.08.14"]
[EventType "tourn"]
[EventRounds "9"]
[EventCountry "FIN"]
[SourceTitle "CBM 191 Extra"]
[Source "ChessBase"]
[SourceDate "2019.09.30"]
[SourceVersion "1"]
[SourceVersionDate "2019.09.30"]
[SourceQuality "1"]

1. e4 c5 2. Nf3 e6 3. d3 Nc6 4. g3 Nf6 5. Bg2 d6 6. 0-0 Be7 7. b3 0-0 8. Bb2 e5 9. Nbd2 Be6 10. Nc4 Ne8 11. Ne3 Nc7 12. a4 Qd7 13. Nd2 d5 14. exd5 Nxd5 15. Ndc4 f6 16. Be4 Nxe3 17. fxe3 g6 18. Rf2 Rad8 19. Qf1 Rf7 20. Bg2 Rdf8 21. h3 Bd8 22. Kh2 Bd5 23. Bxd5 Qxd5 24. Qg2 Qxg2+ 25. Kxg2 Bc7 26. e4 f5 27. exf5 Rxf5 28. Rxf5 Rxf5 29. Re1 Nd4 30. g4 Rf8 31. Bxd4 exd4 32. Re4 Kf7 33. Ne5+ Bxe5 34. Rxe5 b6 35. Kf3 a5 36. Ke4 Rd8 37. h4 Rd6 38. g5 Kf8 39. Kf4 1/2-1/2

[Event "Olympiad Women-41"]
[Site "Tromsoe"]
[Date "2014.08.14"]
[Round "11.4"]
[White "Rivera Negron, Yanira"]
[Black "Fomina, Tatyana"]
[Result "0-1"]
[WhiteElo "1603"]
[BlackElo "2216"]
[PlyCount "129"]
[EventDate "2014.08.02"]
[EventType "team-swiss"]
[EventRounds "11"]
[EventCountry "NOR"]
[SourceTitle "CBM 162"]
[Source "ChessBase"]
[SourceDate "2014.09.17"]
[SourceVersion "1"]
[SourceVersionDate "2014.09.17"]
[SourceQuality "1"]
[WhiteTeam "Puerto Rico (W)"]
[BlackTeam "Estonia (W)"]
[WhiteTeamCountry "PUR"]
[BlackTeamCountry "EST"]

1. c4 e5 2. g3 Nf6 3. Bg2 Bc5 4. e3 0-0 5. Nc3 c6 6. Nge2 a5 7. 0-0 d6 8. d4 Ba7 9. a3 Na6 10. Qc2 Bg4 11. Rb1 Qc8 12. dxe5 dxe5 13. b4 Bf5 14. e4 Be6 15. c5 b6 16. cxb6 Bxb6 17. Na4 Ba7 18. bxa5 Qc7 19. Bd2 Nd7 20. Rfc1 Rab8 21. Bf1 Rxb1 22. Rxb1 Nab8 23. Nc1 c5 24. Qb2 Qd6 25. Be3 Nc6 26. Qc3 Nd4 27. Rb7 Bb8 28. Bxd4 exd4 29. Qc2 Qc6 30. Rb1 c4 31. Nb2 Ne5 32. Kg2 d3 33. Bxd3 cxd3 34. Qxc6 Nxc6 35. Nbxd3 Nxa5 36. Nc5 Ba7 37. Nxe6 fxe6 38. f3 Rb8 39. Rxb8+ Bxb8 40. Nd3 Nb3 41. a4 Bd6 42. Nb2 Kf7 43. Nc4 Bc7 44. Kf2 Ke7 45. Ke2 Kd7 46. Kd3 Nc5+ 47. Kd4 Nxa4 48. f4 Nb6 49. Nd2 Nc8 50. Nf3 Ne7 51. Ng5 h6 52. Nf3 Bb6+ 53. Kd3 Nc6 54. h3 Bf2 55. g4 Bg3 56. Ke3 e5 57. f5 Nd4 58. Nxd4 exd4+ 59. Kxd4 Kd6 60. h4 Bf2+ 61. Kd3 Bxh4 62. Ke3 Ke5 63. Kf3 Bg5 64. Kg3 Kxe4 65. Kh3 0-1

[Event "Olympiad Women-41"]
[Site "Tromsoe"]
[Date "2014.08.09"]
[Round "7.3"]
[White "Fomina, Tatyana"]
[Black "Fernandez, Maria Florencia"]
[Result "0-1"]
[WhiteElo "2216"]
[BlackElo "2218"]
[PlyCount "100"]
[EventDate "2014.08.02"]
[EventType "team-swiss"]
[EventRounds "11"]
[EventCountry "NOR"]
[SourceTitle "CBM 162"]
[Source "ChessBase"]
[SourceDate "2014.09.17"]
[SourceVersion "1"]
[SourceVersionDate "2014.09.17"]
[SourceQuality "1"]
[WhiteTeam "Estonia (W)"]
[BlackTeam "Argentina (W)"]
[WhiteTeamCountry "EST"]
[BlackTeamCountry "ARG"]

1. e4 e6 2. Nf3 d5 3. Nc3 Nf6 4. e5 Nfd7 5. d4 c5 6. Bb5 Nc6 7. Be3 cxd4 8. Bxd4 Nxd4 9. Qxd4 a6 10. Bxd7+ Bxd7 11. 0-0 Be7 12. Qg4 0-0 13. Rfe1 Rc8 14. Rad1 b5 15. Nd4 Rc4 16. Rd3 f5 17. Qd1 Qb6 18. Nce2 Rfc8 19. c3 b4 20. Rh3 bxc3 21. bxc3 Bg5 22. Rh5 h6 23. Rh3 Qb2 24. f4 Bd8 25. Nxf5 Ba4 26. Nxh6+ gxh6 27. Qd3 Qc2 28. Qe3 Re4 29. Qf2 Kh7 30. Re3 Bb6 31. Nd4 Bxd4 32. cxd4 Qxf2+ 33. Kxf2 Rxf4+ 34. Rf3 Rc2+ 35. Kg3 Rxf3+ 36. gxf3 Rxa2 37. Rb1 Bb5 38. Rc1 Rd2 39. Rc7+ Kg6 40. Re7 Rxd4 41. Rxe6+ Kf5 42. Rxh6 Kxe5 43. Rh5+ Kf6 44. h4 a5 45. Rh6+ Kg7 46. Rb6 Bd3 47. h5 a4 48. f4 a3 49. Rb7+ Kh6 50. Ra7 Bc2 0-1

[Event "Viljandi Raud Memorial 48th"]
[Site "Viljandi"]
[Date "2014.07.03"]
[Round "6"]
[White "Fomina, Tatyana"]
[Black "Kanep, Meelis"]
[Result "0-1"]
[WhiteElo "2206"]
[BlackElo "2522"]
[PlyCount "80"]
[EventDate "2014.06.30"]
[EventType "swiss"]
[EventRounds "9"]
[EventCountry "EST"]
[SourceTitle "CBM 161 Extra"]
[Source "ChessBase"]
[SourceDate "2014.08.29"]
[SourceVersion "1"]
[SourceVersionDate "2014.08.29"]
[SourceQuality "1"]

1. e4 c5 2. Nf3 d6 3. Bc4 Nf6 4. c3 Nc6 5. Qe2 Bg4 6. h3 Bxf3 7. Qxf3 e6 8. d3 Be7 9. 0-0 0-0 10. Qe2 d5 11. Bb5 Qb6 12. Na3 c4 13. e5 Nxe5 14. Qxe5 Bxa3 15. dxc4 Bd6 16. Qe2 Ne4 17. Be3 Bc5 18. cxd5 exd5 19. Bd3 Rae8 20. Bxc5 Nxc5 21. Qc2 g6 22. b4 Ne6 23. Rfe1 Rc8 24. Qd2 Rfd8 25. Rac1 Rc6 26. a4 Qc7 27. Qe3 Rxc3 28. Rxc3 Qxc3 29. f4 Nxf4 30. Rd1 Nxd3 31. Rxd3 Qxb4 32. Rb3 Qxa4 33. Rxb7 a5 34. Qe7 Qe8 35. Qf6 Rd7 36. Rb5 Rd6 37. Qb2 Qe1+ 38. Kh2 d4 39. Qa3 Rd8 40. Qf3 Qe6 0-1

[Event "EU-ch Seniors 50 (Women)"]
[Site "Porto"]
[Date "2014.03.15"]
[Round "7"]
[White "Strutinskaya, Galina N"]
[Black "Fomina, Tatyana"]
[Result "1/2-1/2"]
[WhiteElo "2290"]
[BlackElo "2188"]
[PlyCount "117"]
[EventDate "2014.03.09"]
[EventType "tourn"]
[EventRounds "9"]
[EventCountry "POR"]
[SourceTitle "CBM 159 Extra"]
[Source "ChessBase"]
[SourceDate "2014.04.24"]
[SourceVersion "1"]
[SourceVersionDate "2014.04.24"]
[SourceQuality "1"]

1. d4 d5 2. c4 Nc6 3. cxd5 Qxd5 4. e3 e5 5. Nc3 Bb4 6. Bd2 Bxc3 7. Bxc3 exd4 8. Ne2 Nf6 9. Nxd4 Nxd4 10. Qxd4 Qxd4 11. Bxd4 Be6 12. f3 b6 13. Bb5+ Bd7 14. Be2 Ke7 15. e4 Be6 16. g4 Rhd8 17. Be3 Nd7 18. Kf2 Ne5 19. b3 f6 20. Kg3 c5 21. Rhc1 Nd3 22. Rc3 Nb4 23. h4 a5 24. a3 Nc6 25. Rb1 Nd4 26. Bf1 h6 27. f4 Bf7 28. Rb2 Ra7 29. Kf2 Be6 30. g5 hxg5 31. f5 Bc8 32. hxg5 Bb7 33. Bf4 Rh8 34. b4 axb4 35. axb4 Rh4 36. Bb8 Ra1 37. Bg3 Rxf1+ 38. Kxf1 Rxe4 39. bxc5 b5 40. Bd6+ Kd7 41. gxf6 gxf6 42. Rh3 Bd5 43. Rh7+ Ke8 44. Kf2 Bc4 45. Rh8+ Kd7 46. Rh6 Nxf5 47. Rxf6 Nd4 48. Rd2 Ne6 49. Bf8+ Kc8 50. Rd6 Ng5 51. Rc6+ Kd8 52. Rfd6+ Ke8 53. Rc8+ Kf7 54. Rd7+ Kg6 55. Re7 Ne6 56. c6 Re2+ 57. Kg3 Re3+ 58. Kg4 Bd3 59. Rxe6+ 1/2-1/2

[Event "EU-ch Seniors 50 (Women)"]
[Site "Porto"]
[Date "2014.03.13"]
[Round "5"]
[White "Kierzek, Mira"]
[Black "Fomina, Tatyana"]
[Result "0-1"]
[WhiteElo "2002"]
[BlackElo "2188"]
[PlyCount "80"]
[EventDate "2014.03.09"]
[EventType "tourn"]
[EventRounds "9"]
[EventCountry "POR"]
[SourceTitle "CBM 159 Extra"]
[Source "ChessBase"]
[SourceDate "2014.04.24"]
[SourceVersion "1"]
[SourceVersionDate "2014.04.24"]
[SourceQuality "1"]

1. d4 d5 2. c4 Nc6 3. Nc3 e6 4. Nf3 Bb4 5. Bg5 f6 6. Bd2 Nge7 7. e3 0-0 8. Qb3 a5 9. a3 Bxc3 10. Bxc3 b6 11. Be2 Ba6 12. 0-0 g5 13. Rfe1 a4 14. Qa2 Na5 15. Nd2 Bb7 16. Bb4 Rf7 17. Rac1 Nf5 18. c5 Nh4 19. Qb1 f5 20. cxb6 cxb6 21. g3 Ng6 22. Bb5 h5 23. Bxa4 h4 24. Bb5 Kg7 25. Bd3 g4 26. Nf1 Nc4 27. b3 Nd6 28. Bxd6 Qxd6 29. a4 Kf6 30. Re2 Rh7 31. Ra2 Ne7 32. Bb5 Nc6 33. Rd2 Nd8 34. Qb2 Nf7 35. Rdc2 Ng5 36. Be2 Rah8 37. Qc3 hxg3 38. fxg3 Rxh2 39. Qc7 Qxc7 40. Rxc7 Rxe2 0-1

[Event "EU-ch Seniors rap (Women)"]
[Site "Plovdiv"]
[Date "2013.03.20"]
[Round "5"]
[White "Tsifanskaya, Ludmila A"]
[Black "Fomina, Tatyana"]
[Result "1/2-1/2"]
[WhiteElo "2095"]
[BlackElo "2219"]
[PlyCount "112"]
[EventDate "2013.03.20"]
[EventType "swiss (rapid)"]
[EventRounds "9"]
[EventCountry "BUL"]
[SourceTitle "EXT 2014"]
[Source "ChessBase"]
[SourceDate "2013.11.20"]
[SourceVersion "1"]
[SourceVersionDate "2013.11.20"]
[SourceQuality "1"]

1. Nf3 d5 2. g3 Nc6 3. d4 Bf5 4. Bg2 Qd7 5. 0-0 Bh3 6. c4 Bxg2 7. Kxg2 e6 8. Nc3 Nf6 9. cxd5 Nxd5 10. e4 Nxc3 11. bxc3 Be7 12. e5 Na5 13. Bg5 0-0 14. Bxe7 Qxe7 15. Qd3 c6 16. h4 f5 17. exf6 Qxf6 18. Ng5 Qf5 19. Qe2 Rae8 20. Qe4 h6 21. Qxf5 exf5 22. Nf3 Nc4 23. Rfe1 Kf7 24. Ne5+ Nxe5 25. dxe5 Ke6 26. f4 Rd8 27. Rad1 b5 28. Kf3 Rd5 29. Rxd5 cxd5 30. Rb1 Rc8 31. Rb3 Rc4 32. Ke3 a6 33. Kd3 Ra4 34. a3 g5 35. hxg5 hxg5 36. Ke3 gxf4+ 37. gxf4 Rc4 38. a4 Rxa4 39. Rb4 Ra3 40. Kd4 Ra1 41. Kc5 Rc1 42. Kb6 Rxc3 43. Kxa6 Rc4 44. Kxb5 Rc8 45. Ra4 Rb8+ 46. Kc5 Rc8+ 47. Kd4 Rc6 48. Rb4 Ra6 49. Kc5 Ra5+ 50. Rb5 Ra4 51. Rb6+ Ke7 52. Kxd5 Rxf4 53. Rb7+ Kf8 54. Ke6 Rf1 55. Rf7+ Ke8 56. Rxf5 Rxf5 1/2-1/2

[Event "EU-ch Seniors (Women) 13th"]
[Site "Plovdiv"]
[Date "2013.03.15"]
[Round "5"]
[White "Sorokina, Tamara"]
[Black "Fomina, Tatyana"]
[Result "1/2-1/2"]
[WhiteElo "2116"]
[BlackElo "2219"]
[PlyCount "91"]
[EventDate "2013.03.11"]
[EventType "swiss"]
[EventRounds "9"]
[EventCountry "BUL"]
[SourceTitle "CBM 153 Extra"]
[Source "ChessBase"]
[SourceDate "2013.04.22"]
[SourceVersion "1"]
[SourceVersionDate "2013.04.22"]
[SourceQuality "1"]

1. c4 e5 2. Nc3 Bb4 3. Qc2 Nf6 4. a3 Bxc3 5. Qxc3 Qe7 6. g3 0-0 7. Bg2 c6 8. d3 d5 9. Bg5 d4 10. Qc2 Bf5 11. Nf3 Nbd7 12. 0-0 h6 13. Bxf6 Nxf6 14. b4 Rad8 15. Nd2 Qe6 16. Ne4 Bxe4 17. dxe4 g5 18. Qd3 Nh5 19. Rac1 Ng7 20. c5 a6 21. a4 Qd7 22. Rb1 Qe7 23. Rfc1 Ne6 24. Bh3 Nc7 25. Bg2 Qe6 26. Rf1 Kg7 27. Qb3 Qxb3 28. Rxb3 f5 29. exf5 Rxf5 30. Be4 Rf7 31. Bd3 Re7 32. f3 Ne6 33. Rc1 Rc7 34. Rb2 Kf6 35. Rbc2 Rdc8 36. Kg2 Ra8 37. Be4 Rac8 38. Bd3 h5 39. Rb2 h4 40. Rbb1 Rg7 41. b5 cxb5 42. axb5 axb5 43. Rxb5 Rgc7 44. Rb6 Rxc5 45. Rxc5 Rxc5 46. Rxb7 1/2-1/2

[Event "EU-ch Seniors (Women) 13th"]
[Site "Plovdiv"]
[Date "2013.03.11"]
[Round "1"]
[White "Sinchurina, Tatiana"]
[Black "Fomina, Tatyana"]
[Result "0-1"]
[WhiteElo "2003"]
[BlackElo "2219"]
[PlyCount "120"]
[EventDate "2013.03.11"]
[EventType "swiss"]
[EventRounds "9"]
[EventCountry "BUL"]
[SourceTitle "CBM 153 Extra"]
[Source "ChessBase"]
[SourceDate "2013.04.22"]
[SourceVersion "1"]
[SourceVersionDate "2013.04.22"]
[SourceQuality "1"]

1. e4 c5 2. Nf3 e6 3. d4 cxd4 4. Nxd4 Nc6 5. Be3 Nf6 6. Nc3 Bb4 7. Bd3 d5 8. Nxc6 bxc6 9. e5 Nd7 10. Qg4 Bf8 11. f4 c5 12. Bf2 Qa5 13. 0-0 c4 14. Be2 g6 15. a4 Ba6 16. Bd4 Bc5 17. Rad1 Rb8 18. Bf3 Qb6 19. Bxc5 Qxc5+ 20. Kh1 h5 21. Qh3 Nf8 22. Nxd5 exd5 23. Rxd5 Qc8 24. Qh4 Ne6 25. Qf6 Rh7 26. f5 gxf5 27. Qxf5 c3 28. Bxh5 Bxf1 29. Qxh7 Qb7 30. Qg8+ Nf8 31. e6 Bxg2+ 32. Qxg2 Nxe6 33. Qg8+ Nf8 34. Bxf7+ Ke7 35. Qg5+ Kxf7 36. Qf5+ Kg7 37. Qe5+ Kg8 38. Qg3+ Kh8 39. Qe5+ Kh7 40. Qh5+ Kg8 41. Qg4+ Kh8 42. Qh5+ Nh7 43. Qe5+ Kg8 44. Qe6+ Kg7 45. Qd7+ Kh8 46. bxc3 Qa8 47. Kg1 Rg8+ 48. Kf2 Qb8 49. Qd6 Rf8+ 50. Ke3 Re8+ 51. Kd4 Qb1 52. Qg3 Qxc2 53. Qd3 Qxa4+ 54. c4 Qa1+ 55. Kc5 Qa5+ 56. Kd4 Qb6+ 57. Kc3 Re3 58. Rd8+ Kg7 59. Rd7+ Kg8 60. Rd8+ Nf8 0-1

[Event "Olympiad Women-40"]
[Site "Istanbul"]
[Date "2012.09.09"]
[Round "11.2"]
[White "Fomina, Tatyana"]
[Black "Azman Hisham, Nur Nabila"]
[Result "1-0"]
[WhiteElo "2189"]
[BlackElo "1910"]
[PlyCount "109"]
[EventDate "2012.08.28"]
[EventType "team-swiss"]
[EventRounds "11"]
[EventCountry "TUR"]
[SourceTitle "CBM 150 Extra"]
[Source "ChessBase"]
[SourceDate "2012.10.19"]
[SourceVersion "1"]
[SourceVersionDate "2012.10.19"]
[SourceQuality "1"]
[WhiteTeam "Estonia (W)"]
[BlackTeam "Malaysia (W)"]
[WhiteTeamCountry "EST"]
[BlackTeamCountry "MAS"]

1. d4 Nf6 2. Nc3 c5 3. d5 d6 4. e4 g6 5. Be2 Bg7 6. Nf3 Nbd7 7. 0-0 0-0 8. Bg5 h6 9. Bd2 b5 10. Bxb5 Rb8 11. Bxd7 Nxd7 12. Rb1 Kh7 13. Qe2 Qa5 14. Rfe1 Nb6 15. e5 Ba6 16. Qe4 Nc4 17. Qh4 Nxd2 18. Nxd2 Bxe5 19. Nde4 f6 20. f4 Bd4+ 21. Kh1 Kg7 22. f5 Bc8 23. Ng3 Be5 24. Qg4 g5 25. Qh5 Rg8 26. Qg6+ Kf8 27. Qxh6+ Ke8 28. Qh7 Rf8 29. Nge4 Kd7 30. a3 c4 31. Qh5 Bb7 32. Qe2 Bxd5 33. Nxd5 Qxd5 34. Rbd1 Qc6 35. Nxg5 Rh8 36. Nf3 Kc7 37. Nxe5 fxe5 38. Qe4 Qc5 39. Re3 Kd7 40. b4 cxb3 41. Rxb3 Rxb3 42. cxb3 Rc8 43. Qg4 Kc7 44. Qg7 Kd8 45. Qg8+ Kd7 46. Qe6+ Kd8 47. f6 exf6 48. b4 Qc1 49. Qxd6+ Ke8 50. Qe6+ Kf8 51. Qxf6+ Kg8 52. Rf1 e4 53. h4 Qc7 54. Qg6+ Qg7 55. Qe6+ 1-0

[Event "Olympiad Women-40"]
[Site "Istanbul"]
[Date "2012.09.07"]
[Round "10.2"]
[White "Fomina, Tatyana"]
[Black "Boyard, Marie"]
[Result "1-0"]
[WhiteElo "2189"]
[BlackElo "2035"]
[PlyCount "67"]
[EventDate "2012.08.28"]
[EventType "team-swiss"]
[EventRounds "11"]
[EventCountry "TUR"]
[SourceTitle "CBM 150 Extra"]
[Source "ChessBase"]
[SourceDate "2012.10.19"]
[SourceVersion "1"]
[SourceVersionDate "2012.10.19"]
[SourceQuality "1"]
[WhiteTeam "Estonia (W)"]
[BlackTeam "Luxembourg (W)"]
[WhiteTeamCountry "EST"]
[BlackTeamCountry "LUX"]

1. d4 d5 2. Nc3 Nf6 3. Bg5 Nbd7 4. e3 c6 5. Bd3 e5 6. dxe5 Nxe5 7. Nf3 Bg4 8. Be2 Nxf3+ 9. Bxf3 Bxf3 10. Qxf3 Be7 11. 0-0 0-0 12. Rad1 Qb6 13. e4 dxe4 14. Nxe4 Nd5 15. c4 f5 16. Ng3 Bxg5 17. cxd5 g6 18. b3 Rad8 19. Ne2 cxd5 20. g3 Rf7 21. h4 Bf6 22. Rxd5 Rxd5 23. Qxd5 Qd8 24. Qc4 Qc7 25. Qa4 b6 26. Rc1 Qd7 27. Qc4 Kg7 28. Nf4 Bb2 29. Rc2 Be5 30. Ne6+ Kf6 31. Ng5 Rg7 32. f4 Qd4+ 33. Kg2 Qxc4 34. fxe5+ 1-0

[Event "Olympiad Women-40"]
[Site "Istanbul"]
[Date "2012.09.05"]
[Round "8.1"]
[White "Porat, Maya"]
[Black "Fomina, Tatyana"]
[Result "1-0"]
[WhiteElo "2295"]
[BlackElo "2189"]
[PlyCount "85"]
[EventDate "2012.08.28"]
[EventType "team-swiss"]
[EventRounds "11"]
[EventCountry "TUR"]
[SourceTitle "CBM 150 Extra"]
[Source "ChessBase"]
[SourceDate "2012.10.19"]
[SourceVersion "1"]
[SourceVersionDate "2012.10.19"]
[SourceQuality "1"]
[WhiteTeam "Israel (W)"]
[BlackTeam "Estonia (W)"]
[WhiteTeamCountry "ISR"]
[BlackTeamCountry "EST"]

1. d4 d5 2. c4 Nc6 3. Nc3 dxc4 4. Nf3 Nf6 5. Bg5 h6 6. Bh4 Bf5 7. d5 Nb8 8. Qd4 g5 9. Bg3 Bg7 10. e4 Bg6 11. Qxc4 0-0 12. Bxc7 Qc8 13. Nd2 Na6 14. Be5 Qd8 15. Qd4 Qb6 16. Qxb6 axb6 17. Bxa6 bxa6 18. 0-0 Rfc8 19. Rfe1 b5 20. a3 Bf8 21. Nb3 Ne8 22. Nd4 Nd6 23. Bxd6 exd6 24. Nc6 Rc7 25. g4 h5 26. h3 hxg4 27. hxg4 Rb7 28. b4 Bg7 29. Rac1 Re8 30. f3 Bf6 31. Rc2 Bxc3 32. Rxc3 f5 33. gxf5 Bxf5 34. Kf2 Bc8 35. e5 dxe5 36. Rxe5 Rxe5 37. Nxe5 Bf5 38. Ke3 Kg7 39. Kd4 Ra7 40. Rc1 Kf6 41. Rc6+ Ke7 42. Rh6 Ra8 43. d6+ 1-0

[Event "Olympiad Women-40"]
[Site "Istanbul"]
[Date "2012.08.31"]
[Round "4.2"]
[White "Coimbra, Margarida Goncalves"]
[Black "Fomina, Tatyana"]
[Result "1/2-1/2"]
[WhiteElo "2116"]
[BlackElo "2189"]
[PlyCount "141"]
[EventDate "2012.08.28"]
[EventType "team-swiss"]
[EventRounds "11"]
[EventCountry "TUR"]
[SourceTitle "CBM 150 Extra"]
[Source "ChessBase"]
[SourceDate "2012.10.19"]
[SourceVersion "1"]
[SourceVersionDate "2012.10.19"]
[SourceQuality "1"]
[WhiteTeam "Portugal (W)"]
[BlackTeam "Estonia (W)"]
[WhiteTeamCountry "POR"]
[BlackTeamCountry "EST"]

1. e4 e6 2. d4 d5 3. Nd2 dxe4 4. Nxe4 Bd7 5. Bd3 Bc6 6. Nf3 Bxe4 7. Bxe4 c6 8. 0-0 Nf6 9. Bd3 Bd6 10. b3 Nbd7 11. Bb2 Qc7 12. Re1 0-0-0 13. Ne5 Bxe5 14. dxe5 Nd5 15. Qf3 Nc5 16. Bf1 Rd7 17. Ba3 Qb6 18. Rad1 Rhd8 19. c4 Nb4 20. Rxd7 Rxd7 21. Bxb4 Qxb4 22. Rd1 Rxd1 23. Qxd1 Nd7 24. Qg4 g6 25. Qf4 Qf8 26. Qd4 c5 27. Qe4 Nb8 28. g3 Nc6 29. Bg2 Qd8 30. Qe2 Nd4 31. Qe4 Qc7 32. f4 Qd7 33. Kf2 Nf5 34. Ke2 h5 35. Qd3 Qc7 36. Qe4 Qb6 37. Kd1 a5 38. Kc2 a4 39. Qd3 Qb4 40. Qc3 Nd4+ 41. Kd3 axb3 42. Qxb4 cxb4 43. axb3 Nxb3 44. Bf3 Kc7 45. h4 Nc5+ 46. Kd4 b6 47. g4 b3 48. Kc3 b2 49. Kc2 hxg4 50. Bxg4 Nd3 51. h5 gxh5 52. Bxh5 Nxf4 53. Bxf7 Kd7 54. Kxb2 Nd3+ 55. Kc3 Nxe5 56. Bh5 Nc6 57. Kd3 Kd6 58. Ke4 Ne5 59. Kd4 Nd7 60. Bf3 Nf6 61. Bd1 e5+ 62. Ke3 Kc5 63. Be2 Kb4 64. Kd3 Kb3 65. Bd1+ Kb2 66. c5 bxc5 67. Kc4 e4 68. Kxc5 Kc3 69. Kd6 Kd2 70. Ba4 e3 71. Bb5 1/2-1/2

[Event "EU-ch Seniors (Women) 12th"]
[Site "Kaunas"]
[Date "2012.08.18"]
[Round "1"]
[White "Fomina, Tatyana"]
[Black "Blagonadezhnaya, Idea"]
[Result "1-0"]
[WhiteElo "2189"]
[BlackElo "1892"]
[PlyCount "89"]
[EventDate "2012.08.18"]
[EventType "swiss"]
[EventRounds "9"]
[EventCountry "LTU"]
[SourceTitle "CBM 150 Extra"]
[Source "ChessBase"]
[SourceDate "2012.10.19"]
[SourceVersion "1"]
[SourceVersionDate "2012.10.19"]
[SourceQuality "1"]

1. e4 c5 2. Nf3 g6 3. Bc4 Bg7 4. c3 Nf6 5. Qe2 0-0 6. Bb3 Nc6 7. 0-0 e5 8. d3 d6 9. Bg5 h6 10. Bh4 Qe8 11. Rd1 Be6 12. Nbd2 Bxb3 13. axb3 g5 14. Bg3 Nh5 15. Nc4 Nxg3 16. hxg3 Qe7 17. Ne3 Qe6 18. Nd2 Ne7 19. g4 a6 20. Nf5 Nxf5 21. gxf5 Qd7 22. Nc4 Qd8 23. Ne3 f6 24. d4 Qb6 25. Qc4+ Kh7 26. dxe5 dxe5 27. Rd7 Rad8 28. Nd5 Qc6 29. Rc7 Qe8 30. Rxb7 Rb8 31. Rxb8 Qxb8 32. Rxa6 Qb7 33. Qa4 Qf7 34. g4 h5 35. Ra7 Qg8 36. Ne7 Qf7 37. Ng6 Qe8 38. Nxf8+ Qxf8 39. Qd7 hxg4 40. b4 cxb4 41. cxb4 Qg8 42. b5 g3 43. Qxg7+ Qxg7 44. Rxg7+ Kxg7 45. b6 1-0

[Event "Wch Seniors (Women) 21st"]
[Site "Rijeka"]
[Date "2011.11.25"]
[Round "10"]
[White "Kozlovskaya, Valentina"]
[Black "Fomina, Tatyana"]
[Result "1/2-1/2"]
[WhiteElo "2281"]
[BlackElo "2215"]
[PlyCount "100"]
[EventDate "2011.11.15"]
[EventType "swiss"]
[EventRounds "11"]
[EventCountry "CRO"]
[SourceTitle "CBM 145 Extra"]
[Source "ChessBase"]
[SourceDate "2012.01.03"]
[SourceVersion "1"]
[SourceVersionDate "2012.01.03"]
[SourceQuality "1"]

1. e4 c5 2. Nf3 e6 3. d4 cxd4 4. Nxd4 Nc6 5. Nc3 Qc7 6. a3 a6 7. Be2 Nf6 8. 0-0 Be7 9. Be3 d6 10. h3 Bd7 11. Nb3 b5 12. f4 Rc8 13. Bf3 0-0 14. Qe2 Na5 15. Nxa5 Qxa5 16. Qf2 Qc7 17. Rad1 Bc6 18. g4 Qb7 19. Qg2 d5 20. exd5 Nxd5 21. Nxd5 Bxd5 22. Bxd5 exd5 23. c3 Bc5 24. Bxc5 Rxc5 25. Rfe1 h6 26. Re5 Rd8 27. Qe2 Rc7 28. Qe3 Qc6 29. Rd4 Rcd7 30. Kg2 Rd6 31. f5 Kf8 32. Qf3 f6 33. Re2 Re8 34. Rxe8+ Kxe8 35. Kf2 Rd7 36. Rd2 Kf7 37. h4 Qd6 38. Kg2 Kf8 39. Rd4 Qe5 40. a4 Qe1 41. Rd1 Qe5 42. axb5 axb5 43. Rd2 Re7 44. Rf2 Ke8 45. Qd3 Qe4+ 46. Qxe4 Rxe4 47. Kf3 Kd7 48. Rd2 Kd6 49. Rd4 Re1 50. Rb4 Kc5 1/2-1/2

[Event "Wch Seniors (Women) 21st"]
[Site "Rijeka"]
[Date "2011.11.22"]
[Round "7"]
[White "Fomina, Tatyana"]
[Black "Birkholz, Olga"]
[Result "1/2-1/2"]
[WhiteElo "2215"]
[BlackElo "2091"]
[PlyCount "101"]
[EventDate "2011.11.15"]
[EventType "swiss"]
[EventRounds "11"]
[EventCountry "CRO"]
[SourceTitle "CBM 145 Extra"]
[Source "ChessBase"]
[SourceDate "2012.01.03"]
[SourceVersion "1"]
[SourceVersionDate "2012.01.03"]
[SourceQuality "1"]

1. e4 d6 2. Bc4 Nf6 3. Qe2 g6 4. c3 Bg7 5. d4 d5 6. exd5 Nxd5 7. Nf3 c6 8. 0-0 0-0 9. Bg5 Be6 10. Nbd2 h6 11. Bxd5 cxd5 12. Bf4 Nc6 13. Ne5 Nxe5 14. dxe5 d4 15. c4 Rc8 16. Rfc1 Qd7 17. h3 Rfd8 18. g4 b6 19. Qd3 Qc7 20. Qe4 Qc6 21. b3 g5 22. Bg3 Qc5 23. f3 b5 24. Kg2 Qb4 25. Qd3 Qa3 26. Qe2 bxc4 27. bxc4 d3 28. Qe3 Qc5 29. Kf2 f5 30. gxf5 Bxf5 31. h4 Qxe3+ 32. Kxe3 Rc5 33. hxg5 hxg5 34. Nb3 Rxe5+ 35. Bxe5 Bxe5 36. Rg1 Bf4+ 37. Kf2 d2 38. Ke2 Bc2 39. Rad1 Bd3+ 40. Kf2 Bxc4 41. Rg4 Rd3 42. Nxd2 Be6 43. Rxf4 gxf4 44. Rg1+ Kf7 45. Ne4 Ra3 46. Ng5+ Kf6 47. Ne4+ Ke5 48. Rg7 Rxa2+ 49. Kg1 Ra1+ 50. Kf2 Ra2+ 51. Kg1 1/2-1/2

[Event "Wch Seniors (Women) 21st"]
[Site "Rijeka"]
[Date "2011.11.21"]
[Round "6"]
[White "Khropova, Larisa"]
[Black "Fomina, Tatyana"]
[Result "0-1"]
[WhiteElo "2069"]
[BlackElo "2215"]
[PlyCount "64"]
[EventDate "2011.11.15"]
[EventType "swiss"]
[EventRounds "11"]
[EventCountry "CRO"]
[SourceTitle "CBM 145 Extra"]
[Source "ChessBase"]
[SourceDate "2012.01.03"]
[SourceVersion "1"]
[SourceVersionDate "2012.01.03"]
[SourceQuality "1"]

1. d4 d5 2. c4 Nc6 3. cxd5 Qxd5 4. Nf3 e5 5. Nc3 Bb4 6. Bd2 Bxc3 7. Bxc3 e4 8. Ng1 Nf6 9. e3 0-0 10. Qc2 Re8 11. Ne2 Bg4 12. Nf4 Qd7 13. Bc4 g5 14. Ne2 Rab8 15. a4 Ne7 16. Ng3 Nfd5 17. h3 Bf5 18. Nxf5 Qxf5 19. g4 Qd7 20. Qe2 c6 21. a5 b5 22. axb6 axb6 23. 0-0 h5 24. Kg2 hxg4 25. Rh1 Kg7 26. Rag1 Rh8 27. Kf1 Ra8 28. Qd1 Qf5 29. Bd2 Rxh3 30. Rxh3 gxh3 31. Be2 h2 32. Rh1 Qh3+ 0-1